00963nam a2200217 a 4500001001000000003000500010005001700015008004100032010001100073011001100084040000900095100003300104245017600137260004100313500006000354502010900414650005400523650003900577650005900616856007000675000113976CHAP20220329144422.0171016s2017 mx sm |||||||spa d a110437 a111409 cCHAP1 aGuzmán Hernández, Javier10aControl y manejo químico del moho blanco (Sclerotinia sclerotiorum) en el cultivo velo de viuda (Campanula trachelium L.)h[En línea]cpor Javier Guzmán Hernández. aChapingo, Méx. :bEl autor,c2017. aPara ver el contenido del material haga clic en la liga aTesis (Ing. Agr. Esp. en Parasitología Agrícola) -- UACH. Departamento de Parasitología Agrícola14aHongos fitopatógenosxResistencia a fungicidas.14aSclerotinia sclerotiorumxControl.14aSclerotinia sclerotiorumxFisiología y morfología. aFinding aiduhttp://10.13.5.2/tesis/sist113976.pdfzTeclea aquí